[Event "Bayern-ch Seniors 20th"]
[Site "Bergen"]
[Date "2008.06.12"]
[Round "6.24"]
[White "Bavin, Fedor"]
[Black "Fels, Karl Heinz"]
[Result "1-0"]
[WhiteElo "1727"]
[BlackElo "1697"]
[PlyCount "73"]
[EventDate "2008.06.07"]
[EventType "swiss"]
[EventRounds "9"]
[EventCountry "GER"]
[SourceTitle "EXT 2022"]
[Source "ChessBase"]
[SourceDate "2021.10.06"]
[SourceVersion "1"]
[SourceVersionDate "2021.10.06"]
[SourceQuality "1"]

1. d4 Nf6 2. c4 e6 3. Nc3 Bb4 4. Qc2 0-0 5. Bg5 h6 6. Bh4 c5 7. e3 Nc6 8. Nf3 d5 9. a3 Bxc3+ 10. Qxc3 g5 11. Bg3 Ne4 12. Qc2 cxd4 13. Nxd4 Nxd4 14. exd4 Bd7 15. Bd3 Nxg3 16. hxg3 Kg7 17. Qe2 Qf6 18. Qe3 Bc6 19. c5 Rh8 20. b4 Ba4 21. b5 Rac8 22. Rb1 a6 23. bxa6 bxa6 24. Bxa6 Rb8 25. Rb4 Bc6 26. 0-0 Rxb4 27. axb4 Rb8 28. Rb1 Bb5 29. Bxb5 Rxb5 30. Qd3 Rb8 31. b5 e5 32. dxe5 Qxe5 33. b6 Qe6 34. Qc3+ f6 35. c6 d4 36. Qc1 d3 37. c7 1-0

[Event "Bayern-ch Seniors 20th"]
[Site "Bergen"]
[Date "2008.06.10"]
[Round "4.24"]
[White "Bavin, Fedor"]
[Black "Kokulinsky, Ralf"]
[Result "1-0"]
[WhiteElo "1727"]
[BlackElo "1497"]
[PlyCount "101"]
[EventDate "2008.06.07"]
[EventType "swiss"]
[EventRounds "9"]
[EventCountry "GER"]
[SourceTitle "EXT 2022"]
[Source "ChessBase"]
[SourceDate "2021.10.06"]
[SourceVersion "1"]
[SourceVersionDate "2021.10.06"]
[SourceQuality "1"]

1. d4 d5 2. c4 Nf6 3. Nc3 c6 4. Nf3 g6 5. Bf4 Bg7 6. e3 0-0 7. Rc1 a6 8. cxd5 cxd5 9. Bd3 Nc6 10. a3 Bg4 11. 0-0 Re8 12. Be2 Rc8 13. Ne5 Bxe2 14. Qxe2 Nh5 15. Qf3 Nxf4 16. Qxf4 Nxe5 17. dxe5 e6 18. Qg3 Re7 19. Rfd1 Rd7 20. Rd4 Qb6 21. Rb4 Qc7 22. f4 Bf8 23. Rd4 Qa5 24. Ra4 Qb6 25. Qf2 Bc5 26. Nd1 Kg7 27. Qd2 d4 28. e4 Rdc7 29. Rac4 Qb3 30. Kh1 b5 31. R4c2 a5 32. Qxa5 Bb6 33. Rxc7 Bxa5 34. Rxc8 Bd2 35. Ra1 Bxf4 36. Rc5 Qd3 37. Nf2 Qe2 38. Nh3 Be3 39. Ng1 Qxb2 40. Rf1 Qxa3 41. Rc7 Qf8 42. Ne2 g5 43. Rb7 d3 44. Ng3 d2 45. Rxb5 Qc8 46. Nh5+ Kg6 47. g4 Qc1 48. Rb1 Qxb1 49. Rxb1 Bd4 50. Rd1 Be3 51. Kg2 1-0

[Event "Mittelfrankenliga-B1 0607"]
[Site "Mittelfranken"]
[Date "2007.01.28"]
[Round "5.7"]
[White "Bavin, Fedor"]
[Black "Arlt, Birgit"]
[Result "1-0"]
[WhiteElo "1695"]
[BlackElo "1665"]
[PlyCount "135"]
[EventDate "2006.10.22"]
[EventType "team-tourn"]
[EventRounds "9"]
[EventCountry "GER"]
[SourceTitle "EXT 2011"]
[Source "ChessBase"]
[SourceDate "2010.11.26"]
[SourceVersion "1"]
[SourceVersionDate "2010.11.26"]
[SourceQuality "1"]
[WhiteTeam "Fuerth SZ"]
[BlackTeam "Schwanstetten"]
[WhiteTeamCountry "GER"]
[BlackTeamCountry "GER"]

1. d4 d5 2. c4 Nf6 3. Nf3 e6 4. Nc3 b6 5. e3 Bb7 6. Be2 Nbd7 7. 0-0 Bd6 8. Qc2 dxc4 9. e4 e5 10. Bxc4 0-0 11. Bg5 h6 12. Bh4 exd4 13. Nxd4 Nc5 14. Bd5 Bxd5 15. exd5 Ncd7 16. Nc6 Qc8 17. Rfe1 Qb7 18. Rad1 Ng4 19. Ne7+ Kh8 20. h3 Ngf6 21. Nf5 Bc5 22. Bg3 Rac8 23. a3 Nh5 24. Bh2 Rfd8 25. b4 Bf8 26. Nb5 Nb8 27. Qc4 Rd7 28. Qh4 Nf6 29. Nxh6 Nxd5 30. Nxf7+ Kg8 31. Ng5 Nf6 32. Rxd7 Nbxd7 33. Qc4+ Qd5 34. Qxd5+ Nxd5 35. Rd1 c6 36. Nxa7 Ra8 37. Nxc6 N7f6 38. Ne6 Rxa3 39. Nxf8 Kxf8 40. Bd6+ Ke8 41. b5 Rb3 42. Nd4 Rb2 43. Bg3 Nc3 44. Re1+ Kf7 45. Re5 Nd7 46. Rf5+ Kg6 47. Kh2 Nc5 48. h4 Nxb5 49. h5+ Kh7 50. Nxb5 Rxb5 51. Bd6 g6 52. hxg6+ Kxg6 53. g4 Rb2 54. Bxc5 bxc5 55. Kg3 c4 56. Rc5 Rb3+ 57. f3 c3 58. Kf4 Kf6 59. Ke4 Ke6 60. g5 Kd6 61. Rc4 Rb5 62. f4 Rb3 63. g6 Ke6 64. f5+ Kf6 65. Rc6+ Kg7 66. Rc7+ Kg8 67. f6 Rb8 68. Rxc3 1-0

[Event "Mittelfrankenliga-B1 0607"]
[Site "Mittelfranken"]
[Date "2007.01.14"]
[Round "4.8"]
[White "Bavin, Fedor"]
[Black "Leuschner, Guenter"]
[Result "1-0"]
[WhiteElo "1695"]
[BlackElo "1796"]
[PlyCount "73"]
[EventDate "2006.10.22"]
[EventType "team-tourn"]
[EventRounds "9"]
[EventCountry "GER"]
[SourceTitle "EXT 2011"]
[Source "ChessBase"]
[SourceDate "2010.11.26"]
[SourceVersion "1"]
[SourceVersionDate "2010.11.26"]
[SourceQuality "1"]
[WhiteTeam "Fuerth SZ"]
[BlackTeam "Nuernberg SK 1911"]
[WhiteTeamCountry "GER"]
[BlackTeamCountry "GER"]

1. d4 Nf6 2. c4 e6 3. Nc3 d5 4. e3 Be7 5. Bd3 Nbd7 6. Nf3 c6 7. Qc2 Bd6 8. c5 Bc7 9. e4 dxe4 10. Nxe4 Nxe4 11. Bxe4 Nf6 12. Bg5 h6 13. Be3 Nd5 14. 0-0 0-0 15. Bd2 Nf4 16. Rae1 b6 17. b4 Ba6 18. Bxf4 Bxf1 19. Bxc7 Qxc7 20. Kxf1 Rac8 21. Ne5 bxc5 22. Qxc5 Qb7 23. Nxc6 Kh8 24. b5 Qc7 25. Qh5 Qb6 26. g4 Rxc6 27. bxc6 Qxd4 28. Qb5 Qd6 29. h3 Qh2 30. Bg2 Qf4 31. Qa5 Qc4+ 32. Kg1 a6 33. Qd2 e5 34. Rc1 Qe6 35. c7 Qc8 36. Qd6 Kg8 37. Bc6 1-0